Az e-business bemutatása az egyik legnépszerűbb online kereskedő cégen keresztül

Bibliographic Details
Main Author: Tóth Georgina
Other Authors: Avornicului dr. Mihály Szilárd
Format: Project work
Kulcsszavak:E-Business
online marketing
E-kereskedelem
Online Access:http://dolgozattar.uni-bge.hu/22039

MARC

LEADER 00000nnm a2200000 i 4500
001 dolg22039
005 20190515142837.0
008 190515suuuu hu o 000 hun d
040 |a BGE Dolgozattár Repozitórium  |b hun 
041 |a hu 
100 1 |a Tóth Georgina 
245 1 3 |a Az e-business bemutatása az egyik legnépszerűbb online kereskedő cégen keresztül  |c Tóth Georgina  |h [elektronikus dokumentum] 
516 |a Project_work 
695 |a E-Business 
695 |a online marketing 
695 |a E-kereskedelem 
700 1 |a Avornicului dr. Mihály Szilárd  |e ths 
856 4 0 |u http://dolgozattar.uni-bge.hu/22039/1/Z%C3%A1r%C3%B3dolgozat_T%C3%B3th%20Georgina.pdf  |z Dokumentum-elérés